| 000 -LEADER |
| fixed length control field |
00752nam a22002177a 4500 |
| 005 - DATE AND TIME OF LATEST TRANSACTION |
| control field |
20260115101648.0 |
| 008 - FIXED-LENGTH DATA ELEMENTS--GENERAL INFORMATION |
| fixed length control field |
240402b ||||| |||| 00| 0 eng d |
| 020 ## - INTERNATIONAL STANDARD BOOK NUMBER |
| International Standard Book Number |
1855381338 |
| 040 ## - CATALOGING SOURCE |
| Transcribing agency |
SSBUL |
| 041 ## - LANGUAGE CODE |
| Language code of text/sound track or separate title |
English |
| 082 ## - DEWEY DECIMAL CLASSIFICATION NUMBER |
| Classification number |
292.003 Kn |
| Item number |
22968 S-GAKTH |
| 100 1# - MAIN ENTRY--PERSONAL NAME |
| Personal name |
Knappert, Jan. |
| 9 (RLIN) |
38620 |
| 245 10 - TITLE STATEMENT |
| Title |
Pacific mythology: |
| Remainder of title |
an encyclopedia of myth and legend / |
| Statement of responsibility, etc. |
Jan Knappert. illustrated by Elizabeth Knappert. |
| 260 ## - PUBLICATION, DISTRIBUTION, ETC. |
| Place of publication, distribution, etc. |
London: |
| Name of publisher, distributor, etc. |
The Aquarian Press, |
| Date of publication, distribution, etc. |
1992. |
| 300 ## - PHYSICAL DESCRIPTION |
| Extent |
336 pages; |
| Other physical details |
illustrations; |
| Dimensions |
24 cm. |
| 500 ## - GENERAL NOTE |
| General note |
S-KN: Ashin Khemānanda |
|
| General note |
S-GAKTH: Gerry Abbot & Khin Thant Han's Collection |
| 504 ## - BIBLIOGRAPHY, ETC. NOTE |
| Linkage |
Includes bibliographical references. |
| 650 ## - SUBJECT ADDED ENTRY--TOPICAL TERM |
| Topical term or geographic name entry element |
Mythology |
| Form subdivision |
Encyclopedias. |
| 9 (RLIN) |
38621 |
| 942 ## - ADDED ENTRY ELEMENTS (KOHA) |
| Source of classification or shelving scheme |
|
| Koha item type |
Book (Short term) |